The visual display of quantitative information

Kaydedildi:
Detaylı Bibliyografya
Yazar: Tufte, Edward R (Yazar)
Materyal Türü: Kitap
Dil:İngilizce
Baskı/Yayın Bilgisi: Cheshire Graphic Press 1983
Konular:
Etiketler: Etiketle
Etiket eklenmemiş, İlk siz ekleyin!

MARC

LEADER 00000nam a2200000 a 4500
001 UCP0352
003 CL-VaPUC
008 990305e19830000US |||||||||||||||||eng|d
082 0 4 |a 511.5  |b TUF  |2 21 
100 0 |a Tufte, Edward R  |e author  |9 425601 
245 1 4 |a The visual display of quantitative information 
300 |a 197 p 
942 |c BK 
945 |d 19990305 00:00:00  |a crobeson 
260 |a Cheshire  |b Graphic Press  |c 1983 
650 0 |a Gráficos   |9 351109 
650 0 |a Teoría de grafos  |9 269886 
650 7 |a DIBUJOS TECNICOS  |2 CL-VaPUC  |9 360503 
650 7 |a DIAGRAMAS NUMERICOS  |2 CL-VaPUC  |9 425602 
650 7 |a METODOS GRAFICOS  |2 CL-VaPUC  |9 270310 
583 |a last modification  |c 19990305 00:00:00  |k Rodrigo Vera 
999 |c 279177  |d 279175 
952 |0 0  |1 0  |4 0  |6 511_500000000000000_TUF_1983  |7 0  |8 A  |9 318103  |a BIBMAT  |b BIBMAT  |d 2019-11-20  |i 132425K  |o 511.5 TUF 1983  |p 132425K  |r 2025-01-07  |w 2019-11-20  |y BK  |k MAT